| 000 | 00000nam##2200000za#4500 |
| 001 | 9.574013 |
| 003 | CaOODSP |
| 005 | 20210624183957 |
| 007 | cr ||||||||||| |
| 008 | 150406|1999||||xxc|||||o f|0| 0 eng|d |
| 022 | |a1488-5379 |
| 040 | |aCaOODSP|beng |
| 043 | |an-cn--- |
| 086 | 1 |aFs97-6/2266E-PDF |
| 110 | 1 |aCanada.|bDepartment of Fisheries and Oceans.|bQuebec Region.|bRegional Science Branch. |
| 245 | 10|aPopulation indices and estimates for the belugas of the St. Lawrence estuary / |h[electronic resource]|c[by] Michael C.S. Kingsley. |
| 260 | |aMont-Joli - Quebec : |bFisheries and Oceans Canada. |cc1999. |
| 300 | |a34p.|bmaps, references, tables |
| 490 | 1 |aCanadian technical report of fisheries and aquatic sciences|x1488-5379|vNo. 2266 |
| 500 | |aThe catalogue number (Fs97-6/2266E) and ISSN (0706-6457) for the print edition have been incorrectly copied in this electronic publication. |
| 546 | |a(Résumé en français) |
| 590 | |a12-22-Supp|b2012-05-24 |
| 720 | 1 |aKingsley, Michael C.S. |
| 775 | 08|tIndices d'abondance et estimations de la population de bélugas de l'estuaire du Saint-Laurent / |w(CaOODSP)9.604034 |
| 776 | 0#|tPopulation indices and estimates for the belugas of the St Lawrence estuary / |w(CaOODSP)9.614848 |
| 830 | #0|aCanadian technical report of fisheries and aquatic sciences,|x1488-5379|vNo. 2266|w(CaOODSP)9.504449 |
| 856 | 40|ahttp://publications.gc.ca|qPDF|s1.27 MB|uhttps://publications.gc.ca/collections/collection_2012/mpo-dfo/Fs97-6-2266-eng.pdf|yNo. 2266 |